| 000 | 00000nas 2200000za 4500 |
|---|---|
| 001 | 9.503551 |
| 003 | CaOODSP |
| 005 | 20241105150724 |
| 007 | cr ||||||||||| |
| 008 | 150406d20002008xxc|| p o||||f| |0fre|d |
| 022 | |a2290-4409 |
| 040 | |aCaOODSP|bfre |
| 043 | |an-cn--- |
| 086 | 1 |aIu71-1/4F-PDF |
| 110 | 2 |aOffice de la propriété intellectuelle du Canada. |
| 245 | 13|aLe guide des droits d'auteur. |
| 264 | 1|aOttawa, Ontario : |bIndustrie Canada |
| 310 | |aIrrégulier |
| 362 | 1 |a2000-2008. |
| 691 | 07|aDroit d'auteur|2gcpds |
| 775 | 08|tA guide to copyrights.|w(CaOODSP)9.507161 |